Barron's TOEIC : Test of English for international communication
שמור ב:
| מחבר ראשי: | |
|---|---|
| פורמט: | ספר |
| שפה: | Undetermined |
| יצא לאור: |
Thành phố Hồ Chí Minh
Tổng hợp Thành phố Hồ Chí Minh
2014
|
| נושאים: | |
| תגים: |
הוספת תג
אין תגיות, היה/י הראשונ/ה לתייג את הרשומה!
|
| Thư viện lưu trữ: | Trung tâm Học liệu Trường Đại học Cần Thơ |
|---|
| LEADER | 00644nam a2200205Ia 4500 | ||
|---|---|---|---|
| 001 | CTU_200186 | ||
| 008 | 210402s9999 xx 000 0 und d | ||
| 082 | |a 428.0076 | ||
| 082 | |b L887/CD.2 | ||
| 100 | |a Lougheed, Lin | ||
| 245 | 0 | |a Barron's TOEIC : | |
| 245 | 0 | |b Test of English for international communication | |
| 245 | 0 | |c Lin Lougheed | |
| 260 | |a Thành phố Hồ Chí Minh | ||
| 260 | |b Tổng hợp Thành phố Hồ Chí Minh | ||
| 260 | |c 2014 | ||
| 650 | |a English language,Tiếng Anh | ||
| 650 | |x Kỳ thi, câu hỏi, vv | ||
| 904 | |i Nguyên | ||
| 980 | |a Trung tâm Học liệu Trường Đại học Cần Thơ | ||